000 00399nam a2200169 a 4500
001 0000-9307
003 ELIB.Books
008 110520 1987
035 _a(ELIB.Books)0000-9459
082 _aFic
_bLGB
100 _aLGB
245 _aWhat's up in the Attic?
260 _bRacine: Golden Press
_c1987
650 _aFiction
942 _2ddc
_cBK
998 _cbat
_e2011-05-20
999 _c9307
_d9307